Edafología / (Record no. 21217)

MARC details
000 -LEADER
campo de control de longitud fija 00707nam a2200205 i 4500
001 - NÚMERO DE CONTROL
campo de control 21217
003 - IDENTIFICADOR DE NÚMERO DE CONTROL
campo de control ES-MaACL
005 - FECHA Y HORA DE LA ÚLTIMA TRANSACCIÓN
campo de control 20251003063037.0
007 - CAMPO FIJO DE DESCRIPCIÓN FÍSICA--INFORMACIÓN GENERAL
campo de control de longitud fija t|
008 - DATOS DE LONGITUD FIJA--INFORMACIÓN GENERAL
campo de control de longitud fija 021122s1948 sp ||||1| spa d
100 1# - ENTRADA PRINCIPAL--NOMBRE DE PERSONA
Nombre de persona Albareda Herrera, José María,
Fechas asociadas al nombre 1902-1966
9 (RLIN) 157514
245 10 - MENCIÓN DEL TÍTULO
Título Edafología /
Mención de responsabilidad, etc. José María Albareda Herrera, Angel Hoyos de Castro ; prólogo de Lorenzo Vilas López.
260 ## - PUBLICACIÓN, DISTRIBUCIÓN, ETC.
Lugar de publicación, distribución, etc. Madrid :
Nombre del editor, distribuidor, etc. Saeta,
Fecha de publicación, distribución, etc. 1948 (
Fabricante Tall. Gráfs. Montaña)
300 ## - DESCRIPCIÓN FÍSICA
Extensión IX, 276 p. :
Otras características físicas il. ;
Dimensiones 23 cm.
650 04 - PUNTO DE ACCESO ADICIONAL DE MATERIA--TÉRMINO DE MATERIA
Término de materia o nombre geográfico como elemento de entrada Edafología.
9 (RLIN) 135952
700 1# - ENTRADA AGREGADA--NOMBRE PERSONAL
Nombre de persona Hoyos de Castro, Angel.
9 (RLIN) 64433
700 1# - ENTRADA AGREGADA--NOMBRE PERSONAL
Nombre de persona Vilas López, Lorenzo.
9 (RLIN) 114831
852 ## - LOCALIZACIÓN
Ubicación ES-MaACL
Número de control de estantería D-7292
Sublocalización o colección R.26465
Holdings
Estatus retirado Estado de pérdida Estado de daño No para préstamo Biblioteca de origen Biblioteca actual Ubicación en estantería Fecha de adquisición Fuente de adquisición Total de préstamos Signatura topográfica completa Código de barras Visto por última vez Precio de reemplazo Tipo de ítem Koha
        Biblioteca del Ateneo de Madrid Biblioteca del Ateneo de Madrid Sala Valle Inclán 17/01/2008     D-7292 901021794 23/02/2023 23/02/2023 Libro impreso